[Event "Swiss System, Round 6"]
[Site "SchemingMind.com"]
[Date "2013.09.23"]
[Round "6"]
[White "jpetric"]
[Black "Clem"]
[Result "1-0"]
[WhiteCountry "USA"]
[BlackCountry "USA"]
[WhiteElo "1513"]
[WhiteRD "66"]
[BlackElo "1407"]
[BlackRD "60"]
[GameID "338781"]

1. e4 e5 2. Nf3 Nc6 3. Bc4 h6 4. d3 Bc5 5. Nc3 Nf6 6. Qe2 O-O 7. Nd5 Nd4 8. Nxd4 Bxd4 9. Be3 Bxb2 10. Rb1 Bd4
11. Bxd4 exd4 12. O-O c6 13. Nf4 d5 14. exd5 cxd5 15. Bb3 Bf5 16. Ba4 Qc7 17. Rb5 Qxf4 18. Rxb7 Bc8 19. Rb4 Bd7 20. g3 Qd6
21. Rxd4 Bxa4 22. Rxa4 Rfe8 23. Qd1 Qd7 24. c4 Qh3 25. f3 g5 26. Ra6 Kg7 27. Qc2 g4 28. f4 Re3 29. Qb2 Re6 30. Rxe6 fxe6
31. Qb7+ Kg6 32. Qxa8 dxc4 33. dxc4 Kf5 34. Qxa7 Ne4 35. Qf7+ Nf6 36. Re1
1-0

[Event "Swiss System, Round 6"]
[Site "SchemingMind.com"]
[Date "2013.09.25"]
[Round "6"]
[White "Lanaroon"]
[Black "Roger Martindale"]
[Result "1-0"]
[WhiteCountry "ENG"]
[BlackCountry "USA"]
[WhiteElo "1538"]
[WhiteRD "81"]
[BlackElo "1388"]
[BlackRD "95"]
[GameID "338782"]

1. e4 e5 2. Nf3 d6 3. d4 Bd7 4. h3 a6 5. d5 h6 6. c4 Nf6 7. Nc3 Be7 8. Be2 c6 9. Bd2 cxd5 10. Nxd5 Nc6
11. Nxf6+ Bxf6 12. Be3 O-O 13. Qxd6 Be7 14. Qd1 Bb4+ 15. Bd2 Bxd2+ 16. Qxd2 Qa5 17. O-O Qxd2 18. Nxd2 Nd4 19. Bd3 b6 20. b3 a5
21. f4 f5 22. fxe5 Rae8 23. exf5 Nxf5 24. Bxf5 Bxf5 25. Rae1 Be6 26. Ne4 Rf5 27. Nd6 Rxf1+ 28. Rxf1 Rf8 29. Rxf8+ Kxf8 30. Nb7 g5
31. c5 bxc5 32. Nxc5 Ke7 33. a3 h5 34. Kf2 h4 35. Nb7 Bxb3 36. Nxa5 Ba4 37. Nc4 Bb3 38. Ne3 Ke6 39. Ng4 Ke7 40. g3 Ba4
41. gxh4 gxh4 42. Ke3 Bd7 43. Kf4 Kf7 44. Kg5
1-0

[Event "Swiss System, Round 6"]
[Site "SchemingMind.com"]
[Date "2013.11.04"]
[Round "6"]
[White "rookie31"]
[Black "Robert Pallett"]
[Result "1/2-1/2"]
[WhiteCountry "IND"]
[BlackCountry "ENG"]
[WhiteElo "2098"]
[WhiteRD "72"]
[BlackElo "2327"]
[BlackRD "102"]
[GameID "341360"]

1. e4 e5 2. Nf3 Nc6 3. Bb5 a6 4. Ba4 Nf6 5. O-O Be7 6. Re1 b5 7. Bb3 O-O 8. a4 b4 9. d4 d6 10. dxe5 Nxe5
11. Nbd2 Nxf3+ 12. Nxf3 Bb7 13. Qd3 a5 14. c3 bxc3 15. bxc3 Nd7 16. Be3 Ne5 17. Nxe5 dxe5 18. Qb5 Bxe4 19. Qxe5 Bg6 20. Bd4 Bf6=
1/2-1/2

[Event "Swiss System, Round 6"]
[Site "SchemingMind.com"]
[Date "2013.11.05"]
[Round "6"]
[White "SwirlingEddie"]
[Black "Will Grummitt"]
[Result "0-1"]
[WhiteCountry "USA"]
[BlackCountry "ENG"]
[WhiteElo "2212"]
[WhiteRD "113"]
[BlackElo "2132"]
[BlackRD "86"]
[GameID "341361"]

1. d4 e6 2. c4 d5 3. Nf3 Nf6 4. g3 Be7 5. Bg2 O-O 6. O-O Nbd7 7. Qc2 c6 8. Nbd2 b6 9. e4 Bb7 10. e5 Ne8
11. b3 c5 12. Bb2 cxd4 13. Bxd4 Rc8 14. Rfe1 dxc4 15. bxc4 g6 16. Ne4 Qc7 17. Rac1 Ba3 18. Bb2 Bxb2 19. Qxb2 Bxe4 20. Rxe4 Ng7
21. Ree1 Rfd8 22. Qe2 Nc5 23. Red1 Rxd1+ 24. Rxd1 Nf5 25. g4 Ne7 26. Rd6 Nb7 27. Rd4 Nc6 28. Rd1 Nc5 29. Qe3 Nd7 30. Re1 Na5
0-1

[Event "Swiss System, Round 6"]
[Site "SchemingMind.com"]
[Date "2013.11.09"]
[Round "6"]
[White "Greg Magne"]
[Black "Marco_M"]
[Result "0-1"]
[WhiteCountry "CAN"]
[BlackCountry "ITA"]
[WhiteElo "1883"]
[WhiteRD "73"]
[BlackElo "2164"]
[BlackRD "99"]
[GameID "341362"]

1. e4 c5 2. Nf3 Nc6 3. d4 cxd4 4. Nxd4 g6 5. c4 Bg7 6. Be3 Nf6 7. Nc3 O-O 8. Be2 d6 9. O-O Bd7 10. f4 Nxd4
11. Bxd4 Bc6 12. Bf3 a5 13. Kh1 Nd7 14. Nd5 Bxd4 15. Qxd4 Nc5 16. Rfd1 Bxd5 17. cxd5 a4 18. e5 Qa5 19. b4 axb3 20. axb3 Qb5
21. Rxa8 Rxa8 22. Rb1 Ra3 23. b4 Na6 24. e6 Qd3 25. exf7+ Kxf7 26. Qxd3 Rxd3 27. Be2 Rd4 28. g3 Rxb4 29. Re1 Nc5 30. Bg4 b5
31. f5 Rxg4
0-1

[Event "Swiss System, Round 6"]
[Site "SchemingMind.com"]
[Date "2013.11.05"]
[Round "6"]
[White "John Galvin"]
[Black "lawyertheologian"]
[Result "1-0"]
[WhiteCountry "USA"]
[BlackCountry "USA"]
[WhiteElo "2360"]
[WhiteRD "73"]
[BlackElo "1989"]
[BlackRD "92"]
[GameID "341363"]

1. e4 Nf6 2. e5 Nd5 3. d4 d6 4. Nf3 g6 5. Bc4 Nb6 6. Bb3 Bg7 7. a4 dxe5 8. a5 N6d7 9. Bxf7+ Kxf7 10. Ng5+ Kg8
11. Ne6 Qe8 12. Nxc7 Qd8 13. Nxa8 exd4 14. O-O Na6 15. c3 Ndc5 16. b4 Ne4 17. Re1 Nf6 18. b5 Nc5 19. cxd4 Nfe4 20. Be3 Be6
21. Ra3 Nd7 22. Bf4 Bf5 23. Qb3+ Kf8 24. Nc7 Nxf2 25. Kxf2 Bxd4+ 26. Kf1 Kg7 27. Ne6+ Bxe6 28. Qxe6
1-0

[Event "Swiss System, Round 6"]
[Site "SchemingMind.com"]
[Date "2013.11.04"]
[Round "6"]
[White "flammablepawn"]
[Black "sibelius"]
[Result "0-1"]
[WhiteCountry "USA"]
[BlackCountry "USA"]
[WhiteElo "1841"]
[WhiteRD "103"]
[BlackElo "2271"]
[BlackRD "75"]
[GameID "341364"]

1. b4 e5 2. Bb2 Bxb4 3. Bxe5 Nf6 4. Nf3 d5 5. e3 Nbd7 6. Bb2 O-O 7. Be2 Qe7 8. O-O Nb6 9. d3 Bd7 10. Nbd2 Na4
11. Rb1 Bc6 12. Ba1 Nc3 13. Bxc3 Bxc3 14. Rb3 Ba5 15. c4 Ba4 16. d4 Bxb3 17. Nxb3 Bb4 18. c5 b6 19. Qc1 a5 20. a3 a4
21. Na1 bxc5 22. axb4 cxb4 23. Ne5 c5 24. Qxc5 Qxc5 25. dxc5 b3 26. Rb1 Ne4 27. Rb2 Nxc5
0-1

[Event "Swiss System, Round 6"]
[Site "SchemingMind.com"]
[Date "2013.11.05"]
[Round "6"]
[White "gavrilo2"]
[Black "Diadoco"]
[Result "1-0"]
[WhiteCountry "IRL"]
[BlackCountry "MEX"]
[WhiteElo "1880"]
[WhiteRD "83"]
[BlackElo "2004"]
[BlackRD "92"]
[GameID "341365"]

1. e4 c5 2. Nf3 d6 3. d4 cxd4 4. Nxd4 Nf6 5. Nc3 a6 6. Bc4 e6 7. O-O b5 8. Bb3 Be7 9. f4 O-O 10. Qd3 Nbd7
11. h3 Nc5 12. Qe3 b4 13. e5 dxe5 14. fxe5 bxc3 15. exf6 cxb2 16. Bxb2 Bxf6 17. Rad1 Qb6 18. Kh1 Nxb3 19. axb3 Bb7 20. Rxf6 gxf6
21. Qh6 Qd8 22. Rd3
1-0

[Event "Swiss System, Round 6"]
[Site "SchemingMind.com"]
[Date "2013.11.04"]
[Round "6"]
[White "Ronald R. Nurmi"]
[Black "NYNH"]
[Result "1-0"]
[WhiteCountry "USA"]
[BlackCountry "USA"]
[WhiteElo "1774"]
[WhiteRD "81"]
[BlackElo "1947"]
[BlackRD "68"]
[GameID "341367"]

1. d4 Nf6 2. Bg5 e6 3. e4 h6 4. Bxf6 Qxf6 5. c3 c5 6. Nf3 d6 7. Bd3 Nc6 8. O-O Bd7 9. d5 Ne5 10. Nxe5 dxe5
11. c4 Bd6 12. Nc3 a6 13. a4 O-O 14. b3 Rab8 15. Re1 Qg6 16. Rc1 f5 17. dxe6 Bxe6 18. exf5 Bxf5 19. Bxf5 Rxf5 20. Ne4 Be7
21. Ng3 Rg5 22. Qd5+ Kh8 23. Rxe5 Rxe5 24. Qxe5 Bd6 25. Qe4 Qg5 26. Re1 b5 27. axb5 axb5 28. cxb5 Rf8 29. Qe6 Qf4 30. Rf1 Rf6
31. Qe8+ Rf8 32. Qe4 Qf7 33. Qd3 Be5 34. Qc4 Qc7 35. Rd1 Qa5 36. Qxc5 Re8 37. b4 Bc3 38. bxa5
1-0

[Event "Swiss System, Round 6"]
[Site "SchemingMind.com"]
[Date "2013.11.09"]
[Round "6"]
[White "Archon"]
[Black "Mel-o-rama"]
[Result "0-1"]
[WhiteCountry "CAN"]
[BlackCountry "USA"]
[WhiteElo "1687"]
[WhiteRD "74"]
[BlackElo "1878"]
[BlackRD "103"]
[GameID "341371"]

1. Nf3 d5 2. c4 d4 3. g3 Nc6 4. Bg2 e5 5. O-O Nf6 6. d3 Be7 7. b4 Nxb4 8. Nxe5 O-O 9. Bb2 Qd6 10. Nf3 c5
11. Na3 a6 12. Nc2 Nc6 13. a4 a5 14. Na3 Ng4 15. Bc1 Be6 16. Nb5 Qd7 17. Bf4 b6 18. Nc7 Rad8 19. Nxe6 Qxe6 20. Bd2 h6
21. h3 Nge5 22. Nxe5 Nxe5 23. Rb1 Rb8 24. Rb5 Nd7 25. Re1 Nf6 26. Qb3 Ne8 27. Bxa5 Bd8 28. e3 Nd6 29. exd4 Qd7 30. dxc5 Nxb5
31. Bxb6 Nd4 32. Qb2 Ne6 33. Qc2 Bxb6 34. cxb6 Rxb6 35. a5 Ra6 36. Ra1 Nc5 37. Bf1 Rfa8 38. Qc3 Nb7 39. d4 Rxa5 40. Rxa5 Nxa5
41. c5 Nc6 42. Bg2 Nxd4
0-1

[Event "Swiss System, Round 6"]
[Site "SchemingMind.com"]
[Date "2013.11.09"]
[Round "6"]
[White "ArtistDude"]
[Black "Clive Everill"]
[Result "0-1"]
[WhiteCountry "USA"]
[BlackCountry "CZE"]
[WhiteElo "1868"]
[WhiteRD "106"]
[BlackElo "1740"]
[BlackRD "54"]
[GameID "341372"]

1. e4 c5 2. Nf3 d6 3. d4 cxd4 4. Nxd4 Nf6 5. Nc3 a6 6. Bg5 e6 7. f4 Be7 8. Qf3 Qc7 9. O-O-O Nbd7 10. g4 b5
11. Bxf6 Nxf6 12. g5 Nd7 13. f5 O-O 14. f6 gxf6 15. gxf6 Nxf6 16. Rg1+ Kh8 17. Bd3 e5 18. Nf5 Bxf5 19. Qxf5 Qd7 20. Qf3 Qe6
21. Kb1 Rg8 22. Rgf1 Qg4 23. Qe3 Qe6 24. Nd5 Ng4 25. Qe2 Rac8 26. h3 Nf6 27. Qe3 Nh5
0-1

[Event "Swiss System, Round 6"]
[Site "SchemingMind.com"]
[Date "2013.11.05"]
[Round "6"]
[White "James Reed"]
[Black "lennart"]
[Result "1-0"]
[WhiteCountry "ENG"]
[BlackCountry "SWE"]
[WhiteElo "1469"]
[WhiteRD "63"]
[BlackElo "1392"]
[BlackRD "66"]
[GameID "341377"]

1. e4 e5 2. Nf3 d6 3. d4 exd4 4. Nxd4 a6 5. Nc3 c5 6. Nf3 Nf6 7. Bg5 h6 8. Bxf6 Qxf6 9. Be2 Nc6 10. Nd5 Qd8
11. h3 b5 12. O-O c4 13. c3 a5 14. Re1 a4 15. Nd4 Nxd4 16. Qxd4 a3 17. Nb6 Rb8 18. Nd5 Be7 19. Qxg7 Rf8 20. Qxh6 Bg5
21. Qh5 Bb7 22. Bg4 axb2 23. Be6 bxa1=Q 24. Rxa1 Bc6 25. Nb4 Bxe4 26. Re1
1-0

[Event "Swiss System, Round 6"]
[Site "SchemingMind.com"]
[Date "2013.11.04"]
[Round "6"]
[White "Daryl Fouard"]
[Black "Andreas Flato"]
[Result "1/2-1/2"]
[WhiteCountry "USA"]
[BlackCountry "GER"]
[WhiteElo "1697"]
[WhiteRD "73"]
[BlackElo "1805"]
[BlackRD "80"]
[GameID "341378"]

1. e4 e5 2. f4 d5 3. exd5 e4 4. d3 Nf6 5. dxe4 Nxe4 6. Nf3 Bc5 7. Qe2 Bf5 8. Nc3 Qe7 9. Be3 Bxe3 10. Qxe3 Nxc3
11. Qxe7+ Kxe7 12. bxc3 Bxc2 13. Kd2 Bf5 14. Re1+ Kd6 15. Nd4 Bd7 16. c4 c6 17. dxc6 Nxc6 18. Nb5+ Kc5 19. Bd3 g6 20. a3 a6
21. Nc7 Rac8 22. Nd5 Be6 23. Be4 Rcd8 24. Kc3 b5 25. cxb5 axb5 26. Nc7 Bc4 27. Ra1= f5 28. Bxc6 Kxc6 29. Na6 Rd3+ 30. Kc2 Rd4
31. g3 Rhd8 32. Nb4+=
1/2-1/2

[Event "Swiss System, Round 6"]
[Site "SchemingMind.com"]
[Date "2013.11.04"]
[Round "6"]
[White "jbgood"]
[Black "Phillip Beckett"]
[Result "1-0"]
[WhiteCountry "CAN"]
[BlackCountry "ENG"]
[WhiteElo "1765"]
[WhiteRD "81"]
[BlackElo "1579"]
[BlackRD "50"]
[GameID "341379"]

1. e4 e5 2. Nf3 Nc6 3. Bc4 Nf6 4. Ng5 Bc5 5. Bxf7+ Ke7 6. Bd5 d6 7. Nf7 Qe8 8. Nxh8 Qxh8 9. d3 Bg4 10. f3 Bh5
11. g4 Bg6 12. Bg5 h6 13. Bh4 Rf8 14. Nc3 Be8 15. Qd2 g5 16. Bg3 Nd4 17. Rf1 Nxg4 18. fxg4 Nf3+ 19. Rxf3 Rxf3 20. a3 Qf6
21. Qg2 Re3+ 22. Ne2 c6 23. Bb3 h5 24. h3 hxg4 25. hxg4 Bd7 26. Bf2 Rf3 27. Bxc5 dxc5 28. Qg1 Bxg4 29. O-O-O Bh5 30. Qxc5+ Kd7
31. d4 Rf1 32. c3 Rxd1+ 33. Bxd1 b6 34. Qc4 exd4 35. cxd4 Bxe2 36. Bxe2 Qf4+ 37. Kb1 Qxe4+ 38. Ka2 g4 39. Qf7+ Kd6 40. Qf6+ Kd7
41. Qg7+ Kd6 42. Bxg4 Qd5+ 43. Ka1 Qh1+ 44. Ka2 Qd5+ 45. Kb1 Qh1+ 46. Kc2 Qe4+ 47. Kd2 Qg2+ 48. Ke3 Qg3+ 49. Ke4 Qg2+ 50. Kf5 Qc2+
51. Kg5 Qd2+ 52. Kg6 Qd3+ 53. Kf7 Qf1+ 54. Kg8 Qc4+ 55. Kh8 Qd3 56. Qd7#
1-0

[Event "Swiss System, Round 6"]
[Site "SchemingMind.com"]
[Date "2013.11.05"]
[Round "6"]
[White "Erik Johnson"]
[Black "spoke"]
[Result "0-1"]
[WhiteCountry "USA"]
[BlackCountry "GER"]
[WhiteElo "1680"]
[WhiteRD "70"]
[BlackElo "1841"]
[BlackRD "66"]
[GameID "341380"]

1. e4 e5 2. Nf3 Nc6 3. Bc4 Nf6 4. d4 exd4 5. Bg5 h6 6. Bh4 g5 7. Bg3 Nxe4 8. Nxd4 Nxg3 9. hxg3 Bg7 10. Qf3 Qe7+
11. Qe2 Nxd4 12. Qxe7+ Kxe7 13. Bd3 Nxc2+ 14. Bxc2 Bxb2 15. O-O Bxa1 16. Nd2 Be5 17. Re1 d6 18. f4 gxf4 19. gxf4 f6 20. fxe5 fxe5
21. Nc4 Be6 22. Bb3 Bxc4 23. Bxc4 Raf8
0-1

[Event "Swiss System, Round 6"]
[Site "SchemingMind.com"]
[Date "2013.11.23"]
[Round "6"]
[White "Odinson"]
[Black "Daryl Fouard"]
[Result "0-1"]
[WhiteCountry "USA"]
[BlackCountry "USA"]
[WhiteElo "1604"]
[WhiteRD "95"]
[BlackElo "1679"]
[BlackRD "72"]
[GameID "342390"]

1. e4 c5 2. Nc3 g6 3. f4 Bg7 4. Nf3 Nc6 5. Bc4 e6 6. e5 d6 7. Ne4 dxe5 8. fxe5 Nxe5 9. Bb5+ Bd7 10. Nd6+ Ke7
11. Nxe5 Bxb5 12. Ndxf7 Qd4 13. Qf3 Bxe5 14. Nxh8 Bc6 15. Qf7+ Kd6 16. Qxh7 Bxg2 17. Nf7+ Kc6 18. Rf1 Qe4+ 19. Kf2 Qf3+ 20. Ke1 Qxf1#
0-1